Statystyki dla Punkty widokowe państw #1

Kliknij tutaj aby rozwiązać quiz!

Ogólne statystyki

  • Ten quiz został rozwiązany 51 razy
  • Średni wynik to 18 z 28

Statystyki odpowiedzi

Punkt orientacyjnyPaństwo% Poprawnych
Tadź MahalIndie
98%
KremlRosja
93%
Pałac BuckinghamWielka Brytania
91%
Krzywa Wieża w PizieWłochy
87%
Statua Chrystusa ZbawicielaBrazylia
85%
AkropolGrecja
83%
Machu PicchuPeru
83%
Burdż ChalifaZjednoczone Emiraty Arabskie
83%
Wielki SfinksEgipt
80%
Łuk triumfalnyFrancja
80%
Bazylika Świętego PiotraWatykan
80%
Ściana PłaczuIzrael
78%
Zakazane MiastoChiny
76%
Space NeedleStany Zjednoczone
74%
Kasyno Monte CarloMonako
72%
Hagia SophiaTurcja
70%
Wieża CNKanada
67%
KilimandżaroTanzania
61%
PetraJordania
59%
Angkor WatKambodża
48%
AlhambraHiszpania
46%
Petronas TowersMalezja
41%
Hotel RyugyongKorea Północna
37%
HallgrimskirkjaIslandia
33%
Zamek Dobrej NadzieiRepublika Południowej Afryki
33%
MoaiChile
28%
Posągi Buddy w Bamianie (teraz zniszczone)Afganistan
24%
Hotel Makkah Royal Clock TowerArabia Saudyjska
17%

Rozkład punktacji

Percentyl według liczby udzielonych odpowiedzi

Procent ludzi z każdym wynikiem

Twoja historia wyników

Nie rozwiązałeś tego quizu